| 000 | 00443nam a2200157 i 4500 | ||
|---|---|---|---|
| 001 | 90547 | ||
| 003 | ES-MaACL | ||
| 005 | 20230906180457.0 | ||
| 007 | t| | ||
| 008 | 050121s1922 sp ||||1| spa d | ||
| 100 | 1 |
_aLecanda, Juan José de. _971047 |
|
| 245 | 1 | 0 |
_aTratado de sencilla filosofĂa / _cpor J.J. de Lecanda. |
| 260 |
_aMadrid : _b[s.n., _c1922] ( _fImp. de Julio Cosano) |
||
| 300 |
_a226 p. ; _c22 cm. |
||
| 852 |
_aES-MaACL _jF-673 |
||
| 999 |
_c90547 _d90547 |
||